00294nam a2200085Ia 4500008004100000100005000041245006800091260004100159300000800200201224s9999 xx 000 0 und d aGarnaut, Ross; Grilli, Enzo and Riedel, James 0aSustaining Export - Oriented Development : Ideas From East Asia aNew YorkbCambridge University Press a383